Central Library OPAC University of Rajshahi

Sustainable pests management / (Record no. 37363)

MARC details
000 -LEADER
fixed length control field 02847nam a22002177a 4500
001 - CONTROL NUMBER
control field 37363
003 - CONTROL NUMBER IDENTIFIER
rucl marc code BD-RjUL
005 - DATE AND TIME OF LATEST TRANSACTION
control field 20211209052613.0
008 - FIXED-LENGTH DATA ELEMENTS--GENERAL INFORMATION
fixed length control field 141203s2007 ii ||||| |||| 00| 0 eng d
020 ## - INTERNATIONAL STANDARD BOOK NUMBER
International Standard Book Number 8170354846
035 ## - SYSTEM CONTROL NUMBER
System control number (BD-RjUL)37466
040 ## - CATALOGING SOURCE
Original cataloging agency BD-RjUL
Language of cataloging eng
Transcribing agency BD-RjUL
041 ## - LANGUAGE CODE
Language code of text/sound track or separate title eng
082 ## - DEWEY DECIMAL CLASSIFICATION NUMBER
Classification number 632.70954
Author mark and year SUS 2007
245 ## - TITLE STATEMENT
Title Sustainable pests management /
Statement of responsibility, etc. editor, D. Prasad
260 ## - PUBLICATION, DISTRIBUTION, ETC. (IMPRINT)
Place of publication, distribution, etc. Delhi :
Name of publisher, distributor, etc. Daya Publishing House,
Date of publication, distribution, etc. 2007
300 ## - PHYSICAL DESCRIPTION
Pagination xi, 520 p. :
Illustrations ill. (some col.) ;
Size 25 cm.
505 ## - FORMATTED CONTENTS NOTE
Formatted contents note 1. Bioefficacy of certain botanical insecticides againts green pea aphid, acyrthosiphon pisum on pea agro-ecosystem in Manipur -- 2. Acarine fauna associated with honeybees and their management -- 3. Metarhizium anisopliae : a potential biopesticide for insect pest management -- 4. Biological control : an eco-friendly pest management strategy -- 5. Conventional and non-conventional botanicals as insect control agent -- 6. Eco-friendly approaches for the management of fruit pests -- 7. Pheromone : a modern weapon in insect pest management -- 8. population dynamics and distribution of a gallinaceous insect trioza hirsuta (hemoptera : psyllidae) infesting terminalia tomentosa W & A -- 9. Management of insect pests of stored products with plant products in Nigeria -- 10. Viral diseases of rice and their management -- 11. Management of important plant viruses in Indian agriculture -- 12. Yellow vein mosaic on okra-dreaded disease -- 13. Management of bacterial diseases of rice -- 14. Current status of seed mycoflora of small millet crops and their management -- 15. Postharvest diseases of fruits and vegetables and their management -- 16. Epidemiology and management of post flowering stalk rots of maize -- 17. Potential natural pesticides from lac host plants -- 18. Biofertilizers for sustainable vegetable production -- 19. Ecological strategies for management of phytonematodes -- 20. Pest complex of jute and their management -- 21. Indigenous knowledge for managing crop pests -- 22. Geographic information system and global positioning system for managing crop pests -- 23. Survival strategies of parthenium hysterophorus and its management -- 24. Integrated weed management -- 25. Seasonality of nomuraea rileyi in Northern transitional belt of Karnataka -- 26. Use of green manure crops in sustainable vegetable production -- 27. Evaluation of plant extracts for control of seeding blight of eleusine coracana (finger millet) -- 28. Botanicals and their role in insect pest management -- 29. Role of proteinase inhibitors in insect control -- 30. Integrated pest and disease management in apple -- 31. Eco-friendly management of late blight disease of potato in the plains of West Bengal -- 32. Safeguard green cradle : the lap for plants.
700 ## - ADDED ENTRY--PERSONAL NAME
Personal name Prasad, D.
942 ## - ADDED ENTRY ELEMENTS (KOHA)
Source of classification or shelving scheme Dewey Decimal Classification
Koha item type Books
Holdings
Lost status Source of classification or shelving scheme Damaged status Not for loan Permanent Location Current Location Shelving location Date acquired Total Checkouts Full call number Date last seen Copy number Koha item type
  Dewey Decimal Classification   Not For Loan Institute of Biological Sciences (IBSc) Library Institute of Biological Sciences (IBSc) Library   03/12/2014   632.70954 SUS 2007 03/12/2014 C-1 Books